| 000 | 00787nam a2200217Ia 4500 | ||
|---|---|---|---|
| 003 | GCL | ||
| 008 | 140319s9999 xx 000 0 ara d | ||
| 020 | _a9408303977 | ||
| 040 |
_aGCL / _cGCL |
||
| 082 | 0 | 4 |
_a921.1 _bم ر |
| 100 | 1 | _aمصطفى النشار | |
| 245 | 1 | 0 |
_aرواد التجديد فى الفلسفة المصرية المعاصرة فى القرن العشرين / _cمصطفى النشار |
| 260 |
_aالقاهرة : _bدار قباء للطباعة والنشر والتوزيع ، _c2003 |
||
| 300 |
_a340 ص ؛ _c24 سم |
||
| 650 | 0 | 4 | _aالفلسفة الاسلامية |
| 650 | 0 | 4 | _aمصطفى عبدالرازق |
| 650 | 0 | 4 | _aالفلاسفة المصريون |
| 650 | 0 | 4 | _aيوسف كرم |
| 650 | 0 | 4 | _aابوالعلا عفيفى |
| 942 |
_2ddc _cBK |
||
| 999 |
_c34675 _d34675 |
||